The family code of the Philippines : (Record no. 14816)
[ view plain ]
| 000 -LEADER | |
|---|---|
| fixed length control field | 00545nam a2200169 a 4500 |
| 003 - CONTROL NUMBER IDENTIFIER | |
| control field | PILC |
| 005 - DATE AND TIME OF LATEST TRANSACTION | |
| control field | 20150112093443.0 |
| 008 - FIXED-LENGTH DATA ELEMENTS--GENERAL INFORMATION | |
| fixed length control field | 100727s19uu xx 00 eng d |
| 050 ## - LIBRARY OF CONGRESS CALL NUMBER | |
| Classification number | KPM 534.31 |
| Item number | .F198 1998 |
| 082 ## - DEWEY DECIMAL CLASSIFICATION NUMBER | |
| Classification number | SFf 349.599 |
| Item number | F21 1998 |
| 100 ## - MAIN ENTRY--PERSONAL NAME | |
| Personal name | AVB Printing Press |
| 9 (RLIN) | 20886 |
| 245 ## - TITLE STATEMENT | |
| Title | The family code of the Philippines : |
| Remainder of title | Executive order no. 209 / |
| 260 ## - PUBLICATION, DISTRIBUTION, ETC. (IMPRINT) | |
| Place of publication, distribution, etc | Manila, Philippines : |
| Name of publisher, distributor, etc | AVB Printing Press, |
| Date of publication, distribution, etc | 1998. |
| 300 ## - PHYSICAL DESCRIPTION | |
| Extent | 152 pages : |
| Other physical details | illustration ; |
| Dimensions | 16 cm. |
| 650 ## - SUBJECT ADDED ENTRY--TOPICAL TERM | |
| Topical term or geographic name as entry element | Family code - Philippines |
| 9 (RLIN) | 20887 |
| 942 ## - ADDED ENTRY ELEMENTS (KOHA) | |
| Source of classification or shelving scheme | Library of Congress Classification |
| Koha item type | Books |
| Withdrawn status | Lost status | Source of classification or shelving scheme | Damaged status | Home library | Current library | Shelving location | Date acquired | Total Checkouts | Full call number | Barcode | Date last seen | Copy number | Price effective from | Koha item type |
|---|---|---|---|---|---|---|---|---|---|---|---|---|---|---|
| Library of Congress Classification | Southville International School Affiliated with Foreign Universities Library | Southville International School Affiliated with Foreign Universities Library | Southville Foreign University Section | 09/18/2013 | KPM 534.31 .F198 1998 | SFU1332 | 05/15/2018 | 1 | 09/18/2013 | Books | ||||
| Library of Congress Classification | Southville International School Affiliated with Foreign Universities Library | Southville International School Affiliated with Foreign Universities Library | Southville Foreign University Section | 09/21/2013 | KPM 534.31 .F198 1998 | SFU1647 | 05/15/2018 | 1 | 09/21/2013 | Books | ||||
| Library of Congress Classification | Southville International School Affiliated with Foreign Universities Library | Southville International School Affiliated with Foreign Universities Library | Southville Foreign University Section | 09/24/2013 | KPM 534.31 .F198 1998 | SFU1331 | 05/15/2018 | 2 | 09/24/2013 | Books |